[Event "Windsor NAYCC U12"]
[Site "Windsor"]
[Date "2016.08.11"]
[Round "9.112"]
[White "Renard, Christopher"]
[Black "Xing, Kun"]
[Result "0-1"]
[WhiteElo "799"]
[BlackElo "880"]
[PlyCount "114"]
[EventDate "2016.08.07"]
[EventType "swiss"]
[EventRounds "9"]
[EventCountry "CAN"]
[SourceTitle "EXT 2022"]
[Source "ChessBase"]
[SourceDate "2021.10.06"]
[SourceVersion "1"]
[SourceVersionDate "2021.10.06"]
[SourceQuality "1"]

1. e4 c5 2. Nf3 d6 3. Bc4 h6 4. Nc3 Nc6 5. d3 Bg4 6. 0-0 Nf6 7. Nd5 e6 8. Nxf6+ Qxf6 9. h3 Bxf3 10. Qxf3 Qxf3 11. gxf3 Nd4 12. Bb3 Nxf3+ 13. Kg2 Nd4 14. Ba4+ Nc6 15. Be3 a6 16. Bxc6+ bxc6 17. c4 e5 18. Rad1 Be7 19. a3 a5 20. Ra1 0-0 21. Rfd1 Rfb8 22. b4 axb4 23. axb4 Rxa1 24. Rxa1 Rxb4 25. Ra7 Bg5 26. Bxg5 hxg5 27. Kg3 Rb3 28. Kg4 f6 29. Kf5 Kh7 30. Ra6 Rxd3 31. Rxc6 Rd4 32. Ke6 Rxe4 33. Kxd6 Rxc4 34. Rxc5 Rxc5 35. Kxc5 Kh6 36. Kd5 Kg6 37. Ke4 Kh5 38. Kf3 f5 39. Kg3 f4+ 40. Kg2 g4 41. hxg4+ Kxg4 42. f3+ Kf5 43. Kh3 g5 44. Kg2 e4 45. fxe4+ Kxe4 46. Kf2 g4 47. Kg1 Ke3 48. Kf1 Kf3 49. Kg1 Ke2 50. Kg2 f3+ 51. Kg3 f2 52. Kxg4 f1Q 53. Kh4 Qg2 54. Kh5 Qg3 55. Kh6 Qg4 56. Kh7 Qg5 57. Kh8 Kf3 0-1

[Event "Canadian op U1200"]
[Site "Windsor"]
[Date "2016.07.13"]
[Round "4.55"]
[White "Xing, Kun"]
[Black "Locham, Divjot"]
[Result "1/2-1/2"]
[WhiteElo "964"]
[BlackElo "801"]
[PlyCount "60"]
[EventDate "2016.07.10"]
[EventType "swiss"]
[EventRounds "9"]
[EventCountry "CAN"]
[SourceTitle "EXT 2022"]
[Source "ChessBase"]
[SourceDate "2021.10.06"]
[SourceVersion "1"]
[SourceVersionDate "2021.10.06"]
[SourceQuality "1"]

1. e4 e5 2. Nf3 Nc6 3. Bc4 Be7 4. d3 Nf6 5. Nc3 0-0 6. 0-0 d6 7. Nd5 Be6 8. h3 h6 9. Be3 Qd7 10. c3 Rad8 11. Nxf6+ Bxf6 12. d4 exd4 13. cxd4 Bxc4 14. Re1 d5 15. e5 Be7 16. b3 Bg5 17. Bd2 Bxd2 18. Qxd2 Ba6 19. a4 b5 20. axb5 Bxb5 21. Qe3 Rde8 22. Qc3 Rc8 23. Re3 Rfe8 24. Qc5 Rb8 25. Ne1 f6 26. f4 fxe5 27. fxe5 Rf8 28. Nc2 Ba6 29. Rxa6 Rb6 30. Rxb6 axb6 1/2-1/2

[Event "CAN-ch U12"]
[Site "Windsor"]
[Date "2016.07.06"]
[Round "3.63"]
[White "Xing, Kun"]
[Black "Mirabelli, Aidan"]
[Result "0-1"]
[WhiteElo "905"]
[BlackElo "1457"]
[PlyCount "50"]
[EventDate "2016.07.05"]
[EventType "swiss"]
[EventRounds "7"]
[EventCountry "CAN"]
[SourceTitle "EXT 2022"]
[Source "ChessBase"]
[SourceDate "2021.10.06"]
[SourceVersion "1"]
[SourceVersionDate "2021.10.06"]
[SourceQuality "1"]

1. e4 c5 2. Nf3 d6 3. d3 Nc6 4. Nc3 e6 5. g3 Nf6 6. Bg2 Be7 7. 0-0 0-0 8. Be3 d5 9. exd5 exd5 10. d4 cxd4 11. Nxd4 Re8 12. Nf5 Bxf5 13. Nxd5 Nxd5 14. Bxd5 Bxc2 15. Bxf7+ Kxf7 16. Qxc2 Kg8 17. Qb3+ Kh8 18. Qxb7 Qc8 19. Qb3 Rb8 20. Qa4 Qb7 21. b3 Bf6 22. Rad1 Ne5 23. Bxa7 Nf3+ 24. Kg2 Ne1+ 25. Kg1 Qg2# 0-1

[Event "CAN-ch U12"]
[Site "Windsor"]
[Date "2015.07.08"]
[Round "4.69"]
[White "Xing, Kun"]
[Black "Liao, Joseph"]
[Result "0-1"]
[WhiteElo "724"]
[BlackElo "1292"]
[PlyCount "68"]
[EventDate "2015.07.06"]
[EventType "swiss"]
[EventRounds "7"]
[EventCountry "CAN"]
[SourceTitle "EXT 2022"]
[Source "ChessBase"]
[SourceDate "2021.10.06"]
[SourceVersion "1"]
[SourceVersionDate "2021.10.06"]
[SourceQuality "1"]

1. e4 c5 2. Nf3 d6 3. Bc4 e6 4. 0-0 Nf6 5. d3 Be7 6. Nc3 0-0 7. a3 a6 8. Re1 b5 9. Ba2 Nbd7 10. Bd2 Bb7 11. b4 Ne5 12. Nxe5 dxe5 13. bxc5 Bxc5 14. h3 Bxa3 15. Bb3 Be7 16. Bg5 Bb4 17. Bxf6 Qxf6 18. Qd2 Rac8 19. Qc1 Bxc3 20. Rf1 Bxa1 21. Qxa1 Rfd8 22. f3 Qe7 23. Qd1 Qc5+ 24. Rf2 Qe3 25. Qf1 a5 26. c4 Rxd3 27. Bc2 Rd2 28. Bd1 Qxf2+ 29. Qxf2 Rxf2 30. Kxf2 Rxc4 31. g4 a4 32. Kg3 Rc3 33. Be2 a3 34. Bxb5 Bxe4 0-1

[Event "CAN-ch U12"]
[Site "Windsor"]
[Date "2015.07.07"]
[Round "2.72"]
[White "Dodds, Liam"]
[Black "Xing, Kun"]
[Result "0-1"]
[WhiteElo "1062"]
[BlackElo "724"]
[PlyCount "100"]
[EventDate "2015.07.06"]
[EventType "swiss"]
[EventRounds "7"]
[EventCountry "CAN"]
[SourceTitle "EXT 2022"]
[Source "ChessBase"]
[SourceDate "2021.10.06"]
[SourceVersion "1"]
[SourceVersionDate "2021.10.06"]
[SourceQuality "1"]

1. Na3 e5 2. f3 Nf6 3. b3 Nc6 4. Nc4 d5 5. Bb2 dxc4 6. bxc4 Bc5 7. a4 0-0 8. a5 Be6 9. Ra4 Bd7 10. c3 Ne7 11. d3 Bxa4 12. Qxa4 Qe8 13. Qd1 Bxg1 14. Rxg1 Rd8 15. g4 e4 16. dxe4 Rxd1+ 17. Kxd1 h6 18. e3 Nc6 19. Ba3 Qd8+ 20. Kc2 Re8 21. Rg2 Nxa5 22. e5 Rxe5 23. f4 Re8 24. Bd3 Qd7 25. Bf5 Qd8 26. Rd2 Qxd2+ 27. Kxd2 Nxc4+ 28. Kd3 Nxa3 29. Be4 Nxe4 30. Ke2 Rd8 31. h4 Rb8 32. f5 Nxc3+ 33. Kd2 b5 34. Kxc3 b4+ 35. Kb3 c5 36. Kb2 c4 37. Kc1 b3 38. Kd1 c3 39. f6 c2+ 40. Ke2 c1Q 41. fxg7 Kxg7 42. g5 hxg5 43. hxg5 Qc3 44. Kf2 Nc4 45. Kg3 Qxe3+ 46. Kh4 b2 47. Kh5 Qg3 48. g6 Qg2 49. Kh4 b1R 50. gxf7 Rh1# 0-1